| Tag |
First Indicator |
Second Indicator |
Subfields |
| LEADER |
00000cam a2200000 4500 |
| 001 |
in00003857166 |
| 005 |
20190415183717.0 |
| 006 |
m o d |
| 007 |
cr |n||||||||n |
| 008 |
840313s1741 ie |||| o 00||||eng c |
| 035 |
|
|
|a (CU-RivES)N6546
|
| 035 |
|
|
|a (Uk-ES)006060514
|
| 035 |
|
|
|a (OCoLC)507926720
|
| 040 |
|
|
|a CU-RivES
|c CU-RivES
|d CU-RivES
|d CStRLIN
|d CU-RivES
|d Cengage Gale
|d UtOrBLW
|
| 100 |
1 |
|
|a Fowler, Edward,
|d 1632-1714.
|0 http://id.loc.gov/authorities/names/n83124717
|
| 245 |
1 |
4 |
|a The design of Christianity; or, A plain demonstration and improvement of this proposition, viz :
|b That the enduing men with inward real righteousness or true holiness, was the ultimate end of our Saviour's coming into the world, and is the great intendment of his blessed Gospel. By Edward Fowler, D.D.
|
| 264 |
|
3 |
|a Belfast :
|b Printed by and for Samuel Wilson and James Magee,
|c MDCCXLI. [1741]
|
| 300 |
|
|
|a 1 online resource (16 unnumbered pages, 270, 2 unnumbered pages)
|
| 336 |
|
|
|a text
|b txt
|2 rdacontent
|
| 337 |
|
|
|a computer
|b c
|2 rdamedia
|
| 338 |
|
|
|a online resource
|b cr
|2 rdacarrier
|
| 500 |
|
|
|a With a final advertisement leaf.
|
| 500 |
|
|
|a First published at London in 1671.
|
| 510 |
4 |
|
|a English Short Title Catalog,
|c N6546.
|
| 500 |
|
|
|a Reproduction of original from National Library of Ireland.
|
| 500 |
|
|
|a Electronic resource.
|
| 650 |
|
0 |
|a Christianity.
|0 http://id.loc.gov/authorities/subjects/sh85025219
|
| 655 |
|
7 |
|a Electronic books.
|2 local
|
| 710 |
2 |
|
|a Gale (Firm)
|0 http://id.loc.gov/authorities/names/no2008071348
|
| 752 |
|
|
|a Ireland
|d Belfast.
|
| 856 |
4 |
0 |
|u http://proxy.library.tamu.edu/login?url=http://find.galegroup.com/ecco/infomark.do?contentSet=ECCOArticles&docType=ECCOArticles&bookId=1481500300&type=getFullCitation&tabID=T001&prodId=ECCO&docLevel=TEXT_GRAPHICS&version=1.0&source=library&userGroupName=txshracd2898
|z Connect to the full text of this electronic book
|t 0
|
| 999 |
f |
f |
|s 7714b9c3-23f9-3dc5-88b7-88dc351425a2
|i 9e74690b-1875-3139-a563-a2db31708b01
|t 0
|
| 952 |
f |
f |
|a Texas A&M University
|b College Station
|c Electronic Resources
|d Available Online
|t 0
|h No information provided
|
| 998 |
f |
f |
|t 0
|l Available Online
|